000 00361nam a2200133 i 4500
001 bg
100 1 _aHołdowska, Elżbieta.
245 0 _aPostęp organizacyjny i postęp techniczny a niepewność w gospodarowaniu /
_cE. Hołdowska.
260 _aWarszawa,
_c1983.
040 _cBPK
041 _apol
942 _cKS
008 s pl f |000 0 pol
999 _c1949
_d1949
856 _uhttp://koha.tu.koszalin.pl/cgi-bin/koha/opac-detail.pl?biblionumber=1949
_yKatalog online BPK